| 000 | 00833cam a2200277 4500 | ||
|---|---|---|---|
| 001 | ABS61335 | ||
| 008 | 000000n1999 000 0 eng u | ||
| 035 | _a(Sirsi) u101043 | ||
| 100 | _aHall, B. | ||
| 245 | _aResidential surveys: identifying damp | ||
| 260 | _c1999 | ||
| 490 |
_aCSM _bChartered Surveyor Monthly _v9(2) October 1999, 32-33(2) |
||
| 520 | _aReviews the stages that surveyors of residential property should go through when inspecting property for both lenders and purchasers. | ||
| 590 | _aABS | ||
| 650 | _aDAMP | ||
| 650 | _aSURVEYS | ||
| 650 |
_aRESIDENTIAL PROPERTY _96266 |
||
| 650 | _aINSPECTIONS | ||
| 650 | _aPLUMBING | ||
| 650 | _aHYGROSCOPIC SALTS | ||
| 650 | _aDAMP | ||
| 650 | _aCONDENSATION | ||
| 650 | _aRISING DAMP | ||
| 690 | _aBUILT ENVIRONMENT-BUILDING INSPECTION | ||
| 942 | _n0 | ||
| 999 |
_c60288 _d60288 |
||